000 00272nam a2200109Ia 4500
008 190914s9999||||xx |||||||||||||| ||und||
100 _aDonald L.Brady
245 0 _aEssential of International Marketing
260 _aNew Delhi
_bJaico
_c1999
300 _a366
942 _cBK
999 _c9276
_d9276